La integración en América Latina se retrasó 150 años
Збережено в:
| Автор: | |
|---|---|
| Формат: | Текст |
| Мова: | Spanish |
| Опубліковано: |
San José :
|
| Теги: |
Додати тег
Немає тегів, Будьте першим, хто поставить тег для цього запису!
|
MARC
| LEADER | 00000 a a2200000 04500 | ||
|---|---|---|---|
| 001 | 16678 | ||
| 003 | cru CIDCACS/IIS | ||
| 005 | 20231205095315.0 | ||
| 008 | 231205b |||||||| |||| 00| 0 spa d | ||
| 040 | |c cru CIDCACS/IIS | ||
| 090 | |a 01.02.01 M337i | ||
| 100 | |a Marín Aristazabal, Efraín | ||
| 245 | |a La integración en América Latina se retrasó 150 años | ||
| 260 | |a San José : | ||
| 300 | |a 4 p. | ||
| 942 | |2 z |c LI |h 01.02.01 M337i |i 09165 |6 010201_M337I_09165 | ||
| 999 | |c 15458 |d 15458 | ||
